Países y territorios de las Indias Occidentales (Caribe) - Estadísticas

Estadísticas generales
  • Esta prueba ha sido intentada 2.989 veces
  • La puntuación promedio es 20 de 31
Respuestas en el mapa
Las respuestas están codificadas por una escala verde-roja en el mapa de la prueba según el % correcto abajo.
 
Estadísticas de respuestas
Grupo Países / Territorios % Correcto
Países Cuba
100%
Países Haití
98%
Países Jamaica
98%
Países República Dominicana
98%
Países Bahamas
97%
Países Barbados
95%
Territories (EE. UU.) Puerto Rico
94%
Países Trinidad y Tobago
94%
Países Santa Lucía
93%
Países
Antigua y Barbuda
92%
Países Dominica
92%
Países Granada
92%
Países San Vicente y las Granadinas
88%
Países San Cristóbal y Nieves
86%
Territorios (Países Bajos) Aruba
65%
Territorios (Países Bajos) Curazao
60%
Territorios (Reino Unido) Islas Virgenes Británicas
59%
Territorios (Francia) Guadalupe
54%
Territorios (Reino Unido) Islas Caimán
51%
Territorios (Francia) Martinica
51%
Territorios (Países Bajos) San Martín
48%
Territorios (Reino Unido) Anguilla
47%
Territories (EE. UU.) Islas Vírgenes de los Estados Unidos
47%
Territorios (Francia) San Martín
47%
Territorios (Países Bajos) Bonaire
43%
Territorios (Reino Unido) Montserrat
43%
Territorios (Reino Unido) Islas Turcas y Caicos
38%
Territorios (Francia) San Bartolomé
26%
Territorios (Países Bajos) Saba
18%
Territorios (Países Bajos) San Eustaquio
17%
Territories (EE. UU.) Navaza
5%
No se encontraron pruebas coincidentes
Distribución de puntuación
Porcentaje de gente con cada puntuación
Porcentaje por número respondido
Historial de tus puntuaciones
No has intentado esta prueba.